000 00706nam a2200229Ia 4500
003 OSt
005 20220923214135.0
006 a|||||r|||| 00| 0
007 ta
008 220922b |||||||| |||| 00| 0 hin d
024 _a167,289
037 _cTextual
040 _aARTS
_cARTS
_bhin
041 _2hin
_ahin
082 _aO152:1J90:1, J3;1
100 _aनंददास
245 0 _aभ्ंावर गीत, विश्वम्भर नाथ मेहरोत्रा संपा
246 _aBhanāvar gīta, vishvambhar nāth meharotrā sanpā0
260 _c1953
942 _hO152:1J90:1, J3;1
_cTEXL
_2CC
999 _c321768
_d321768